[Event "BEL-chT 1819"]
[Site "Belgium"]
[Date "2019.03.17"]
[Round "9.6"]
[White "Osinga, Angelique"]
[Black "Peek, Marcel"]
[Result "0-1"]
[WhiteElo "1917"]
[BlackElo "2302"]
[PlyCount "82"]
[EventDate "2018.09.30"]
[EventType "team-tourn"]
[EventRounds "11"]
[EventCountry "BEL"]
[SourceTitle "CBM 189 Extra"]
[Source "ChessBase"]
[SourceDate "2019.05.31"]
[SourceVersion "1"]
[SourceVersionDate "2019.05.31"]
[SourceQuality "1"]
[WhiteTeam "Brasschaat"]
[BlackTeam "Jean Jaures"]
[WhiteTeamCountry "BEL"]
[BlackTeamCountry "BEL"]

1. e4 c5 2. c3 d5 3. exd5 Qxd5 4. d4 Nc6 5. Nf3 Bf5 6. Nbd2 Qe6+ 7. Qe2 cxd4 8. Nxd4 Nxd4 9. cxd4 Nf6 10. Nf3 Qxe2+ 11. Bxe2 Nd5 12. Ne5 a6 13. Bd2 f6 14. Nc4 e6 15. Ne3 Be4 16. 0-0 Nxe3 17. fxe3 Kd7 18. Bf3 Bxf3 19. gxf3 Rc8 20. Rac1 Be7 21. Kf2 f5 22. Rg1 g6 23. Ke2 Rxc1 24. Rxc1 Bf6 25. h3 Rc8 26. Bc3 Be7 27. Rd1 Bd6 28. Kd2 b5 29. a3 Rg8 30. Kd3 g5 31. Rg1 h5 32. Bd2 Be7 33. e4 g4 34. Bf4 Bf6 35. e5 Bd8 36. Bd2 Bb6 37. Rg2 Kc6 38. Bc3 gxh3 39. Rh2 Rg3 40. Ke2 Rg2+ 41. Rxg2 hxg2 0-1

[Event "Hastings Masters op 94th"]
[Site "Hastings"]
[Date "2019.01.05"]
[Round "9"]
[White "Peek, Marcel"]
[Black "Snape, Ian L"]
[Result "1/2-1/2"]
[WhiteElo "2294"]
[BlackElo "2110"]
[PlyCount "66"]
[EventDate "2018.12.28"]
[EventType "swiss"]
[EventRounds "10"]
[EventCountry "ENG"]
[SourceTitle "CBM 188 Extra"]
[Source "ChessBase"]
[SourceDate "2019.02.28"]
[SourceVersion "1"]
[SourceVersionDate "2019.02.28"]
[SourceQuality "1"]

1. d4 c5 2. d5 g6 3. e4 d6 4. c4 Nf6 5. Nc3 Bg7 6. Nf3 0-0 7. Be2 e6 8. h3 exd5 9. exd5 a6 10. a4 Nbd7 11. 0-0 h6 12. Ne1 Re8 13. Bf4 Nf8 14. Bh2 Ne4 15. Nxe4 Rxe4 16. Bd3 Re8 17. Rb1 f5 18. Qc2 Qf6 19. f4 a5 20. Nf3 Bd7 21. Bg3 Nh7 22. Be1 Qd8 23. b3 Qf6 24. Kh1 b6 25. Bd2 Re7 26. Rbe1 Rae8 27. Qd1 Qf7 28. Rxe7 Rxe7 29. Re1 Nf6 30. Rxe7 Qxe7 31. Qe1 Ne4 32. Kh2 Bf6 33. g3 Kf7 1/2-1/2

[Event "Hastings Masters op 94th"]
[Site "Hastings"]
[Date "2019.01.02"]
[Round "6"]
[White "Ratnesan, Ranesh"]
[Black "Peek, Marcel"]
[Result "1/2-1/2"]
[WhiteElo "2063"]
[BlackElo "2294"]
[PlyCount "95"]
[EventDate "2018.12.28"]
[EventType "swiss"]
[EventRounds "10"]
[EventCountry "ENG"]
[SourceTitle "CBM 188 Extra"]
[Source "ChessBase"]
[SourceDate "2019.02.28"]
[SourceVersion "1"]
[SourceVersionDate "2019.02.28"]
[SourceQuality "1"]

1. d4 d5 2. c4 dxc4 3. e3 e5 4. Bxc4 exd4 5. exd4 Bd6 6. Nf3 Nf6 7. 0-0 0-0 8. Bg5 h6 9. Bh4 Nc6 10. h3 g5 11. Nxg5 hxg5 12. Bxg5 Nxd4 13. Nc3 Be7 14. Bh6 Nf5 15. Bxf8 Qxf8 16. Qf3 Qg7 17. Rfe1 Nh4 18. Qg3 Qxg3 19. fxg3 Nf5 20. g4 Bc5+ 21. Kh1 Nd6 22. Bb3 Kg7 23. Kh2 Bd7 24. Kg3 Bc6 25. Bc2 Rg8 26. Rad1 b5 27. Re5 Bb4 28. Rd4 Nc4 29. Rg5+ Kh8 30. Rf5 Bxc3 31. bxc3 Kg7 32. Rdf4 Ne3 33. Rxf6 Bd5 34. Bb3 Rf8 35. Rf2 c5 36. Bxd5 Nxd5 37. R6f5 Nxc3 38. Rg5+ Kh6 39. Rh5+ Kg6 40. Kf3 Rc8 41. Rc2 b4 42. Ke3 a6 43. Rxc3 bxc3 44. Kd3 Rb8 45. Kxc3 Rb5 46. Rd5 Ra5 47. Kb3 c4+ 48. Kxc4 1/2-1/2

[Event "Hastings Masters op 94th"]
[Site "Hastings"]
[Date "2018.12.29"]
[Round "2"]
[White "Nettleton, Charlie"]
[Black "Peek, Marcel"]
[Result "1/2-1/2"]
[WhiteElo "2050"]
[BlackElo "2294"]
[PlyCount "86"]
[EventDate "2018.12.28"]
[EventType "swiss"]
[EventRounds "10"]
[EventCountry "ENG"]
[SourceTitle "CBM 188 Extra"]
[Source "ChessBase"]
[SourceDate "2019.02.28"]
[SourceVersion "1"]
[SourceVersionDate "2019.02.28"]
[SourceQuality "1"]

1. Nf3 d5 2. e3 Nc6 3. b3 Bg4 4. h3 Bxf3 5. Qxf3 Nf6 6. Bb2 e6 7. Bb5 Be7 8. Bxc6+ bxc6 9. 0-0 0-0 10. d3 a5 11. a4 Nd7 12. Nd2 f5 13. Qe2 Bf6 14. Ba3 Bxa1 15. Bxf8 Bb2 16. Rb1 Qxf8 17. Rxb2 Qc5 18. Nf3 Re8 19. Qd2 e5 20. d4 Qb6 21. dxe5 Nxe5 22. Nxe5 Rxe5 23. c3 Re4 24. b4 g6 25. bxa5 Qxa5 26. Rb4 Rxb4 27. cxb4 Qxa4 28. Qd4 Qc2 29. Qf6 Qb1+ 30. Kh2 Qxb4 31. Qd8+ Qf8 32. Qxc7 Qf6 33. g3 g5 34. Kg2 h6 35. Qc8+ Kf7 36. Qd7+ Kf8 37. Qc8+ Ke7 38. Qc7+ Ke8 39. Qc8+ Ke7 40. Qc7+ Kf8 41. Qc8+ Kg7 42. Qd7+ Kg6 43. Qe8+ Kg7 1/2-1/2

[Event "Hastings Masters op 94th"]
[Site "Hastings"]
[Date "2018.12.28"]
[Round "1"]
[White "Peek, Marcel"]
[Black "White, Stuart A"]
[Result "0-1"]
[WhiteElo "2294"]
[BlackElo "2096"]
[PlyCount "80"]
[EventDate "2018.12.28"]
[EventType "swiss"]
[EventRounds "10"]
[EventCountry "ENG"]
[SourceTitle "CBM 188 Extra"]
[Source "ChessBase"]
[SourceDate "2019.02.28"]
[SourceVersion "1"]
[SourceVersionDate "2019.02.28"]
[SourceQuality "1"]

1. d4 d5 2. c4 e6 3. Nf3 Nf6 4. Nc3 Bb4 5. cxd5 exd5 6. Qa4+ Nc6 7. Bg5 h6 8. Bxf6 Qxf6 9. e3 0-0 10. Be2 a6 11. 0-0 Be6 12. Rfc1 Bd6 13. Qd1 Ne7 14. g3 g5 15. e4 dxe4 16. Nxe4 Qg7 17. Nxd6 cxd6 18. Rc7 Rfe8 19. Rxb7 Bd5 20. Rb6 Qf6 21. Ne5 Nc8 22. Ng4 Qe6 23. Rxa6 Qxe2 24. Rxa8 Bxa8 25. Nf6+ Kg7 26. Nxe8+ Qxe8 27. Rc1 Qe4 28. f3 Qe3+ 29. Kf1 Bxf3 30. Qe1 Be2+ 31. Kg2 Qf3+ 32. Kg1 Qe3+ 33. Kg2 Ne7 34. Qf2 Qxc1 35. Qxe2 Nf5 36. d5 Ne3+ 37. Kf2 Nd1+ 38. Kf3 Nxb2 39. Qa6 Qc3+ 40. Ke2 Qe5+ 0-1

[Event "Vlissingen HZ op 22nd"]
[Site "Vlissingen"]
[Date "2018.08.08"]
[Round "6"]
[White "Peek, Marcel"]
[Black "Shyam, Nikil P"]
[Result "1/2-1/2"]
[WhiteElo "2290"]
[BlackElo "2389"]
[PlyCount "89"]
[EventDate "2018.08.04"]
[EventType "swiss"]
[EventRounds "9"]
[EventCountry "NED"]
[SourceTitle "CBM 185 Extra"]
[Source "ChessBase"]
[SourceDate "2018.07.29"]
[SourceVersion "1"]
[SourceVersionDate "2018.07.29"]
[SourceQuality "1"]

1. d4 d5 2. c4 e6 3. Nf3 c6 4. Bg5 Nf6 5. Nc3 Nbd7 6. e3 h6 7. Bh4 g5 8. Bg3 Nh5 9. cxd5 Nxg3 10. hxg3 exd5 11. Bd3 Bg7 12. Qc2 Qe7 13. 0-0-0 Nf6 14. Kb1 Be6 15. Rde1 0-0-0 16. Rc1 Kb8 17. Nd2 Nd7 18. Na4 Bf8 19. a3 Qf6 20. Nb3 Rc8 21. Na5 Qd8 22. b4 c5 23. dxc5 Bxc5 24. Nxb7 Kxb7 25. Nxc5+ Nxc5 26. bxc5 Qa5 27. Qc3 Qxc3 28. Rxc3 h5 29. Kc2 Kc7 30. Rb1 h4 31. gxh4 Rxh4 32. Rb4 Rd8 33. Kd2 d4 34. Rc1 f5 35. Rxd4 Rhxd4 36. exd4 Rxd4 37. Rh1 Bc4 38. Kc3 Rxd3+ 39. Kxc4 Rxa3 40. Rh7+ Kc6 41. Rh6+ Kc7 42. Rg6 Ra2 43. Rxg5 Rxf2 44. Rg7+ Kc6 45. Rg6+ 1/2-1/2

[Event "Vlissingen HZ op 22nd"]
[Site "Vlissingen"]
[Date "2018.08.05"]
[Round "2"]
[White "Peek, Marcel"]
[Black "Hendrikse, Ad"]
[Result "1-0"]
[WhiteElo "2290"]
[BlackElo "1943"]
[PlyCount "51"]
[EventDate "2018.08.04"]
[EventType "swiss"]
[EventRounds "9"]
[EventCountry "NED"]
[SourceTitle "CBM 185 Extra"]
[Source "ChessBase"]
[SourceDate "2018.07.29"]
[SourceVersion "1"]
[SourceVersionDate "2018.07.29"]
[SourceQuality "1"]

1. d4 Nf6 2. Nf3 e6 3. c4 d5 4. Nc3 c6 5. Bg5 Be7 6. e3 Nbd7 7. Rc1 0-0 8. Bd3 a6 9. c5 b6 10. cxb6 Qxb6 11. Qc2 h6 12. Bxf6 Bxf6 13. 0-0 Bb7 14. Na4 Qb4 15. Nc5 Nxc5 16. Qxc5 Qxc5 17. Rxc5 Be7 18. Rc2 f6 19. Rfc1 Bd6 20. g3 Rac8 21. Nd2 e5 22. Nb3 Rfd8 23. Na5 Rb8 24. Bg6 Bf8 25. a3 Ba8 26. b4 1-0

[Event "Douglas IoM op"]
[Site "Douglas"]
[Date "2016.10.03"]
[Round "3"]
[White "Peek, Marcel"]
[Black "Vishnu, Prasanna V"]
[Result "1/2-1/2"]
[WhiteElo "2319"]
[BlackElo "2522"]
[PlyCount "78"]
[EventDate "2016.10.01"]
[EventType "swiss"]
[EventRounds "9"]
[EventCountry "IOM"]
[SourceTitle "EXT 2017"]
[Source "ChessBase"]
[SourceDate "2016.10.25"]
[SourceVersion "1"]
[SourceVersionDate "2016.10.25"]
[SourceQuality "1"]

1. d4 d5 2. c4 e6 3. Nf3 Nf6 4. Nc3 c6 5. Bg5 h6 6. Bxf6 Qxf6 7. e3 g6 8. Be2 Bg7 9. 0-0 0-0 10. cxd5 exd5 11. b4 a6 12. a4 Be6 13. b5 a5 14. Rc1 Nd7 15. Qb3 Rfc8 16. Rfd1 Qe7 17. Qb1 Qa3 18. Rd2 Rab8 19. h3 Qe7 20. Rdd1 c5 21. dxc5 Rxc5 22. Na2 Nb6 23. Rxc5 Qxc5 24. Rc1 Qa3 25. Nd4 Bxd4 26. exd4 Qxa4 27. Qb2 Rc8 28. Rc5 Nc4 29. Bxc4 dxc4 30. Nc3 Qb4 31. Rxc8+ Bxc8 32. Qd2 a4 33. Qe3 a3 34. Nd5 Qxb5 35. Qe5 Bd7 36. Nf6+ Kg7 37. Nd5+ Kg8 38. Nf6+ Kg7 39. Nd5+ Kg8 1/2-1/2

[Event "Vlissingen HZ op 20th"]
[Site "Vlissingen"]
[Date "2016.08.09"]
[Round "5"]
[White "Van Foreest, Jorden"]
[Black "Peek, Marcel"]
[Result "1-0"]
[WhiteElo "2601"]
[BlackElo "2325"]
[PlyCount "91"]
[EventDate "2016.08.06"]
[EventType "swiss"]
[EventRounds "9"]
[EventCountry "NED"]
[SourceTitle "CBM 173 Extra"]
[Source "ChessBase"]
[SourceDate "2016.08.29"]
[SourceVersion "1"]
[SourceVersionDate "2016.08.29"]
[SourceQuality "1"]

1. e4 c5 2. Nc3 Nc6 3. Bb5 Nd4 4. Nf3 Nxb5 5. Nxb5 d6 6. d4 Nf6 7. 0-0 a6 8. Nc3 cxd4 9. Qxd4 e5 10. Qd3 h6 11. Nd2 Be6 12. Nc4 Rc8 13. Ne3 Be7 14. a4 Qa5 15. Rd1 0-0 16. Bd2 Qc5 17. Be1 Rfd8 18. a5 Qc6 19. f3 Rd7 20. Bf2 Rcd8 21. Ned5 Bxd5 22. exd5 Qc8 23. Na4 Qb8 24. c4 Re8 25. Nb6 Rdd8 26. b4 Nd7 27. c5 dxc5 28. Nxd7 c4 29. Nxb8 cxd3 30. Rxd3 Bd6 31. Nxa6 bxa6 32. Bc5 Rd7 33. Kf2 f5 34. Bxd6 Rxd6 35. Rc1 Red8 36. Rc5 Kf7 37. Ke3 Rb8 38. Rb3 Rbd8 39. b5 axb5 40. Rbxb5 Ke7 41. Kd3 Ra8 42. Kc4 Ra7 43. Rb6 Kd7 44. Rxd6+ Kxd6 45. Rc6+ Kd7 46. a6 1-0

[Event "Douglas PokerStars op"]
[Site "Douglas"]
[Date "2014.10.06"]
[Round "3"]
[White "Peek, Marcel"]
[Black "Klein, Felix"]
[Result "1/2-1/2"]
[WhiteElo "2359"]
[BlackElo "2286"]
[PlyCount "112"]
[EventDate "2014.10.04"]
[EventType "swiss"]
[EventRounds "9"]
[EventCountry "IOM"]
[SourceTitle "CBM 162 Extra"]
[Source "ChessBase"]
[SourceDate "2014.10.17"]
[SourceVersion "1"]
[SourceVersionDate "2014.10.17"]
[SourceQuality "1"]

1. d4 d5 2. c4 e6 3. Nf3 c6 4. Nc3 dxc4 5. Bg5 Be7 6. Bxe7 Nxe7 7. e3 b5 8. b3 Qa5 9. Rc1 Nd5 10. Qd2 Nxc3 11. Rxc3 cxb3 12. axb3 Bb7 13. Bd3 Nd7 14. Be4 Rc8 15. 0-0 b4 16. Rc2 Nf6 17. Bd3 c5 18. Rfc1 Nd7 19. Ng5 c4 20. e4 h6 21. Nf3 c3 22. Qe2 0-0 23. Ra2 Qb6 24. Rca1 Nf6 25. Rxa7 Bxe4 26. Bxe4 Nxe4 27. R7a6 Qb7 28. Ra7 Qd5 29. R7a5 c2 30. Rxd5 c1Q+ 31. Rxc1 Rxc1+ 32. Ne1 exd5 33. f3 Nf6 34. Qd2 Rc3 35. Nd3 Rxb3 36. Nxb4 Rc8 37. Nd3 Rc4 38. Ne5 Rcb4 39. h4 Rb8 40. Qc2 R3b7 41. Qc6 h5 42. Kh2 Re7 43. Qc5 Rbe8 44. Kh3 Nd7 45. Nxd7 Rxd7 46. Qc6 Red8 47. Kg3 Rd6 48. Qc7 g6 49. Qe7 R8d7 50. Qe8+ Kg7 51. Qe5+ Kh7 52. Qe8 Kg7 53. Kh3 Rd8 54. Qe7 R8d7 55. Qe8 Rd8 56. Qe7 R8d7 1/2-1/2

[Event "Vienna Husek op-A"]
[Site "Vienna"]
[Date "2012.08.15"]
[Round "3"]
[White "Shengelia, Davit"]
[Black "Peek, Marcel"]
[Result "1-0"]
[WhiteElo "2545"]
[BlackElo "2351"]
[PlyCount "81"]
[EventDate "2012.08.13"]
[EventType "swiss"]
[EventRounds "7"]
[EventCountry "AUT"]
[SourceTitle "CBM 149 Extra"]
[Source "ChessBase"]
[SourceDate "2012.08.24"]
[SourceVersion "1"]
[SourceVersionDate "2012.08.24"]
[SourceQuality "1"]

1. d4 d5 2. Nf3 Nf6 3. e3 Bg4 4. h3 Bxf3 5. Qxf3 c6 6. Nd2 Nbd7 7. g4 e5 8. g5 e4 9. Qg2 Ng8 10. f3 exf3 11. Nxf3 Bd6 12. Bd2 Ne7 13. Bd3 Qc7 14. h4 0-0-0 15. 0-0-0 Kb8 16. h5 Rdf8 17. Rdf1 a6 18. Kb1 c5 19. c3 Nb6 20. e4 dxe4 21. Bxe4 Nc6 22. dxc5 Bxc5 23. Nd4 Nxd4 24. cxd4 Bxd4 25. Bf4 Be5 26. Bxe5 Qxe5 27. Bxb7 Ka7 28. Be4 Nc4 29. Qf2+ Nb6 30. Qc2 f6 31. Rf5 Qe7 32. h6 Rc8 33. Qg2 g6 34. gxf6 Qb4 35. Re5 Rhe8 36. Rxe8 Rxe8 37. f7 Rd8 38. Rc1 Nc4 39. Qf2+ Kb8 40. Rxc4 Rd1+ 41. Kc2 1-0

[Event "Gibraltar Masters 10th"]
[Site "Caleta"]
[Date "2012.02.02"]
[Round "10"]
[White "Fier, Alexandr"]
[Black "Peek, Marcel"]
[Result "1/2-1/2"]
[WhiteElo "2603"]
[BlackElo "2354"]
[PlyCount "109"]
[EventDate "2012.01.24"]
[EventType "swiss"]
[EventRounds "10"]
[EventCountry "GGB"]
[SourceTitle "CBM 147"]
[Source "ChessBase"]
[SourceDate "2012.03.16"]
[SourceVersion "1"]
[SourceVersionDate "2012.03.16"]
[SourceQuality "1"]

1. e4 c5 2. Nf3 d6 3. d4 cxd4 4. Nxd4 Nf6 5. Nc3 Nc6 6. Bg5 e6 7. Qd2 Nxd4 8. Qxd4 Bd7 9. 0-0-0 Qa5 10. f4 Be7 11. Kb1 Bc6 12. Bd3 Rd8 13. Qf2 h6 14. Bh4 g5 15. Bg3 Ng4 16. Qe2 gxf4 17. Bxf4 Ne5 18. Qh5 Qc5 19. Qh3 Rd7 20. Rhf1 Bf8 21. Be3 Qa5 22. Ne2 Kd8 23. Nf4 Kc8 24. Nh5 Kb8 25. Bd4 Rc7 26. Qe3 Rg8 27. Bc3 Qa4 28. Qd2 Nxd3 29. cxd3 Rg5 30. Nf6 Bg7 31. Rc1 Rg6 32. g3 Bxf6 33. Bxf6 Bb5 34. e5 Rxc1+ 35. Rxc1 d5 36. Be7 Rg8 37. Ka1 Qd4 38. Qa5 Qb6 39. Qc3 Bd7 40. Bc5 Qb5 41. Qa3 Qa4 42. Qxa4 Bxa4 43. Bd6+ Ka8 44. Rc7 Bb5 45. d4 Bd3 46. Rxf7 b6 47. a4 a5 48. Rf3 Bc2 49. b3 Bf5 50. Rc3 Rg4 51. h3 Rxd4 52. g4 Be4 53. Rc8+ Kb7 54. Rc7+ Ka8 55. Rc8+ 1/2-1/2

[Event "Gibraltar Masters 10th"]
[Site "Caleta"]
[Date "2012.01.30"]
[Round "7"]
[White "Peek, Marcel"]
[Black "Brunello, Sabino"]
[Result "0-1"]
[WhiteElo "2354"]
[BlackElo "2581"]
[PlyCount "76"]
[EventDate "2012.01.24"]
[EventType "swiss"]
[EventRounds "10"]
[EventCountry "GGB"]
[SourceTitle "CBM 147"]
[Source "ChessBase"]
[SourceDate "2012.03.16"]
[SourceVersion "1"]
[SourceVersionDate "2012.03.16"]
[SourceQuality "1"]

1. d4 d5 2. c4 e6 3. Nf3 c6 4. Nc3 dxc4 5. Bg5 Be7 6. Bxe7 Nxe7 7. a4 Nd5 8. a5 c5 9. e4 Nb4 10. dxc5 Qxd1+ 11. Kxd1 N8a6 12. Bxc4 Nxc5 13. Ke2 Ke7 14. Rhd1 Bd7 15. Ne5 Be8 16. Nd3 Nbxd3 17. Bxd3 Rc8 18. Ra3 g5 19. f3 Nxd3 20. Rxd3 Rc5 21. Ke3 Bd7 22. b4 Rc4 23. Rd4 Rc7 24. e5 Rhc8 25. Ne4 Rc2 26. Rad3 Bc6 27. Nd6 Rb8 28. Rg4 h6 29. h4 f5 30. exf6+ Kxf6 31. hxg5+ hxg5 32. Ne4+ Bxe4 33. Rxe4 Rxg2 34. Rd7 Rc8 35. Rxb7 e5 36. Kd3 Rgc2 37. Re1 R8c3+ 38. Ke4 Rd2 0-1

[Event "Gibraltar Masters 10th"]
[Site "Caleta"]
[Date "2012.01.28"]
[Round "5"]
[White "Peek, Marcel"]
[Black "Thornton, John D"]
[Result "1-0"]
[WhiteElo "2354"]
[BlackElo "2050"]
[PlyCount "87"]
[EventDate "2012.01.24"]
[EventType "swiss"]
[EventRounds "10"]
[EventCountry "GGB"]
[SourceTitle "CBM 147"]
[Source "ChessBase"]
[SourceDate "2012.03.16"]
[SourceVersion "1"]
[SourceVersionDate "2012.03.16"]
[SourceQuality "1"]

1. d4 d5 2. c4 e6 3. Nf3 c5 4. cxd5 exd5 5. Nc3 Nc6 6. dxc5 d4 7. Na4 Bxc5 8. Nxc5 Qa5+ 9. Bd2 Qxc5 10. Rc1 Qb6 11. e3 Nf6 12. Bc4 0-0 13. 0-0 Bg4 14. exd4 Nxd4 15. Be3 Bxf3 16. Qxd4 Qxd4 17. Bxd4 Bc6 18. Rfd1 Rfd8 19. b4 Ba4 20. Rd3 Rac8 21. Be3 Rxd3 22. Bxd3 Rxc1+ 23. Bxc1 Kf8 24. f3 Ke7 25. Kf2 Kd6 26. Bb2 h6 27. Bc4 Ke7 28. Ke3 Ne8 29. Be5 f6 30. Bb8 Nd6 31. Bd5 a6 32. Bxd6+ Kxd6 33. Bxb7 Bb5 34. Ke4 Bc4 35. a3 Ke7 36. g3 h5 37. Kd4 Be2 38. Kc5 Ke6 39. a4 Ke5 40. Bc6 f5 41. a5 f4 42. b5 fxg3 43. hxg3 axb5 44. a6 1-0

[Event "Gibraltar Masters 10th"]
[Site "Caleta"]
[Date "2012.01.25"]
[Round "2"]
[White "Seyfried, Claus"]
[Black "Peek, Marcel"]
[Result "1/2-1/2"]
[WhiteElo "2141"]
[BlackElo "2354"]
[PlyCount "108"]
[EventDate "2012.01.24"]
[EventType "swiss"]
[EventRounds "10"]
[EventCountry "GGB"]
[SourceTitle "CBM 147"]
[Source "ChessBase"]
[SourceDate "2012.03.16"]
[SourceVersion "1"]
[SourceVersionDate "2012.03.16"]
[SourceQuality "1"]

1. e4 c5 2. c3 d5 3. exd5 Qxd5 4. d4 g6 5. dxc5 Qxc5 6. Be3 Qc7 7. Na3 a6 8. Qd4 Nf6 9. Bf4 Qd7 10. Nf3 Qxd4 11. Nxd4 Nbd7 12. Nc4 Bg7 13. Be2 Nd5 14. Bd2 Ne5 15. 0-0 Nxc4 16. Bxc4 Nb6 17. Bb3 Bxd4 18. cxd4 Be6 19. Ba5 Bxb3 20. Bxb6 Bd5 21. a3 Rc8 22. Rac1 Kd7 23. Ba5 f6 24. Bd2 Rxc1 25. Rxc1 Bc6 26. Re1 g5 27. f3 Rg8 28. Kf2 h5 29. h3 b6 30. Be3 Bd5 31. g3 Rc8 32. Rc1 Rxc1 33. Bxc1 Kc6 34. f4 g4 35. hxg4 hxg4 36. Ke3 Bf3 37. Bd2 a5 38. Bc3 Kd5 39. Kd3 Be4+ 40. Ke3 Bf5 41. Bd2 Kc4 42. Bc3 Bb1 43. Kd2 f5 44. Ke3 e6 45. Kd2 Be4 46. Ke3 Kb3 47. Kd2 Ka4 48. Kc1 b5 49. Be1 b4 50. axb4 axb4 51. Kd2 Kb3 52. Ke3 Kc4 53. Bd2 Bf3 54. Be1 Bd5 1/2-1/2

[Event "Gibraltar Masters 10th"]
[Site "Caleta"]
[Date "2012.01.24"]
[Round "1"]
[White "Peek, Marcel"]
[Black "Akobian, Varuzhan"]
[Result "0-1"]
[WhiteElo "2354"]
[BlackElo "2617"]
[PlyCount "98"]
[EventDate "2012.01.24"]
[EventType "swiss"]
[EventRounds "10"]
[EventCountry "GGB"]
[SourceTitle "CBM 147"]
[Source "ChessBase"]
[SourceDate "2012.03.16"]
[SourceVersion "1"]
[SourceVersionDate "2012.03.16"]
[SourceQuality "1"]

1. d4 d6 2. Nf3 Bg4 3. c4 Nd7 4. Qb3 Rb8 5. h3 Bxf3 6. Qxf3 g6 7. e3 Bg7 8. Nc3 c5 9. d5 Bxc3+ 10. bxc3 Qa5 11. Qd1 b5 12. cxb5 Qxc3+ 13. Bd2 Qe5 14. Be2 Qxd5 15. 0-0 Ngf6 16. Bf3 Qe6 17. Qa4 0-0 18. Rab1 Ne5 19. Be2 Rb7 20. Rfc1 Rfb8 21. Qc2 Qf5 22. a4 a6 23. f4 Qxc2 24. Rxc2 Ned7 25. Ra1 axb5 26. Bxb5 Ra7 27. Be2 Ne4 28. Be1 d5 29. Bf3 f5 30. a5 c4 31. Bxe4 fxe4 32. Bc3 Nc5 33. Bd4 Rb5 34. a6 Rxa6 35. Rxa6 Nxa6 36. Ra2 Nc5 37. Ra8+ Kf7 38. Rh8 h5 39. Rh7+ Ke8 40. g4 hxg4 41. hxg4 Ne6 42. Be5 d4 43. Rh8+ Kd7 44. exd4 c3 45. d5 c2 46. dxe6+ Kxe6 47. Rc8 Rb1+ 48. Kf2 c1Q 49. Rxc1 Rxc1 0-1

[Event "Gibraltar Masters 9th"]
[Site "Caleta"]
[Date "2011.02.03"]
[Round "10"]
[White "Peek, Marcel"]
[Black "Daumen, Michael"]
[Result "0-1"]
[WhiteElo "2342"]
[BlackElo "2130"]
[PlyCount "166"]
[EventDate "2011.01.25"]
[EventType "swiss"]
[EventRounds "10"]
[EventCountry "GGB"]
[SourceTitle "CBM 141"]
[Source "ChessBase"]
[SourceDate "2011.03.17"]
[SourceVersion "1"]
[SourceVersionDate "2011.03.17"]
[SourceQuality "1"]

1. d4 Nf6 2. c4 e6 3. Nf3 Bb4+ 4. Bd2 Qe7 5. g3 Nc6 6. Nc3 0-0 7. Bg2 d6 8. 0-0 a5 9. a3 Bxc3 10. Bxc3 a4 11. Qc2 Re8 12. d5 Nb8 13. dxe6 Qxe6 14. Rac1 Nbd7 15. e3 Nc5 16. Nd2 Nfe4 17. Nxe4 Nxe4 18. Rcd1 Bd7 19. Rd4 Bc6 20. f3 Nxc3 21. Qxc3 Qxe3+ 22. Qxe3 Rxe3 23. f4 Bxg2 24. Kxg2 Rb3 25. Rf2 Kf8 26. f5 f6 27. Re4 Re8 28. Rh4 Re1 29. Rd4 Rb1 30. Rdd2 Ke7 31. Rfe2+ Kd7 32. c5 Kc6 33. cxd6 cxd6 34. Kh3 b5 35. Re6 R3xb2 36. Rdxd6+ Kc5 37. Rc6+ Kd4 38. Red6+ Ke5 39. Kg4 Rxh2 40. Re6+ Kd4 41. Red6+ Ke3 42. Re6+ Kd2 43. Red6+ Ke1 44. Re6+ Kd1 45. Rc7 b4 46. Ra6 b3 47. Rxa4 b2 48. Rd4+ Rd2 49. Rb4 Ra1 50. Rcb7 Kc1 51. Rc7+ Kb1 52. Rxg7 Ka2 53. Rxh7 Rg2 54. Rf7 Rag1 55. Rxb2+ Kxb2 56. Rxf6 Rxg3+ 57. Kf4 Kxa3 58. Rb6 R3g2 59. Ke5 Rf2 60. Ke6 Re1+ 61. Kf6 Ref1 62. Rb5 Ka4 63. Re5 Kb4 64. Rd5 Kc4 65. Ra5 Kb4 66. Rd5 Rf4 67. Kg5 R1f3 68. Re5 Kc4 69. Ra5 Kd4 70. Kf6 Ke4 71. Re5+ Kd3 72. Ke6 Kd4 73. Rd5+ Ke3 74. Kf6 Kf2 75. Kg5 Kg3 76. Ra5 Rg4+ 77. Kf6 Rb4 78. Kg6 Rb6+ 79. Kg5 Rb8 80. Ra6 Rg8+ 81. Rg6 Rf8 82. f6 Kf2 83. Rh6 Ke3 0-1

[Event "Gibraltar Masters 9th"]
[Site "Caleta"]
[Date "2011.02.02"]
[Round "9"]
[White "Seyfried, Claus"]
[Black "Peek, Marcel"]
[Result "1/2-1/2"]
[WhiteElo "2173"]
[BlackElo "2342"]
[PlyCount "98"]
[EventDate "2011.01.25"]
[EventType "swiss"]
[EventRounds "10"]
[EventCountry "GGB"]
[SourceTitle "CBM 141"]
[Source "ChessBase"]
[SourceDate "2011.03.17"]
[SourceVersion "1"]
[SourceVersionDate "2011.03.17"]
[SourceQuality "1"]

1. e4 c5 2. c3 Nf6 3. e5 Nd5 4. Nf3 e6 5. Bc4 d6 6. d4 cxd4 7. cxd4 Nc6 8. 0-0 Be7 9. Qe2 0-0 10. Re1 Bd7 11. Qe4 Rc8 12. Bd2 Ncb4 13. Na3 b5 14. Bb3 a5 15. Qg4 g6 16. Bh6 Re8 17. Ng5 a4 18. Bxd5 Nxd5 19. Rad1 f5 20. exf6 Bxf6 21. h4 b4 22. Nb1 Bg7 23. Bxg7 Kxg7 24. h5 Nf6 25. Qf4 h6 26. Ne4 Nxe4 27. Qxe4 Qg5 28. d5 exd5 29. Qxb4 Rxe1+ 30. Rxe1 Rc1 31. Qd4+ Kg8 32. Rxc1 Qxc1+ 33. Kh2 Qxb1 34. Qxd5+ Kg7 35. Qd4+ Kg8 36. Qd5+ Kg7 37. Qd4+ Kf7 38. Qxd6 Qf5 39. hxg6+ Kg7 40. b3 axb3 41. axb3 Be6 42. b4 Bd7 43. Kg1 Bb5 44. Kh2 Bd3 45. Kg1 Qb5 46. Qe7+ Kxg6 47. Qe6+ Kg7 48. Qe7+ Kg8 49. Qe6+ Kg7 1/2-1/2

[Event "Gibraltar Masters 9th"]
[Site "Caleta"]
[Date "2011.01.30"]
[Round "6"]
[White "Peek, Marcel"]
[Black "Kanep, Meelis"]
[Result "1/2-1/2"]
[WhiteElo "2342"]
[BlackElo "2531"]
[PlyCount "68"]
[EventDate "2011.01.25"]
[EventType "swiss"]
[EventRounds "10"]
[EventCountry "GGB"]
[SourceTitle "CBM 141"]
[Source "ChessBase"]
[SourceDate "2011.03.17"]
[SourceVersion "1"]
[SourceVersionDate "2011.03.17"]
[SourceQuality "1"]

1. d4 d5 2. c4 e6 3. Nf3 Nf6 4. Nc3 Bb4 5. cxd5 exd5 6. Qa4+ Nc6 7. Bg5 h6 8. Bxf6 Qxf6 9. e3 0-0 10. Be2 Be6 11. a3 Bd6 12. Nb5 Bg4 13. Rc1 Ne7 14. Nxd6 Qxd6 15. Qb4 Qxb4+ 16. axb4 Bxf3 17. gxf3 c6 18. b5 Rfc8 19. Kd2 Kf8 20. h4 cxb5 21. Bxb5 Rxc1 22. Rxc1 Rc8 23. Ra1 a6 24. Ba4 h5 25. Bb3 Rc6 26. Rg1 g6 27. Rg5 Rb6 28. Kc3 Rc6+ 29. Kd2 Rd6 30. Bc2 Rb6 31. Kc3 Rc6+ 32. Kd2 Rb6 33. Kc3 Rc6+ 34. Kd2 Rb6 1/2-1/2